000 01033nam a2200313Ia 4500
003 OSt
005 20221006145251.0
006 a|||||r|||| 00| 0
007 ta
008 221006b |||||||| |||| 00| 0 eng d
020 _a031327410X
024 _a14,292
037 _bGift, Korea Foundation
_cTextual
040 _aEASL
_cEASL
_beng
041 _2eng
_aeng
082 _aV42:19495.N5, N1
100 _aCheong Sung-Hwa
_9653930
245 0 _aPolitics of Anti-Japanese sentiment in Korea
_b Japanese-South Korean relation under American occupation, 1945-1952
260 _aNew York
_bGreenwood Press
_c1991
300 _a191p.
_ccm.
490 _v KEL
_aContributions To The Study Of World History, Number 24
650 _a Japan - history
650 _a Japan - relations - Korea
650 _a KEL
650 _a Korea - history
_9474030
650 _aKorea - relations - Japan
942 _hV42:19495.N5, N1
_cTEXL
_2CC
999 _c1082378
_d1082378